Pavimentos en la construcción

Bibliographic Details
Main Author: Cusa Ramos, Juan de
Format: Section = Libro
Language:Undetermined
Spanish
Published: Barcelona CEAC 1965
Subjects:
LEADER 00432nam a2200169Ia 4500
008 240829s9999 xx 000 0 und d
040 |a BIBLIOTECA-RUPAP 695 C984 
041 |a spa 
082 |a 695 C984 
100 1 |a Cusa Ramos, Juan de 
245 1 0 |a Pavimentos en la construcción 
260 |a Barcelona  |b CEAC  |c 1965 
300 |a 250 p. :il. 
650 7 |a PISOS - CONSTRUCCION. I. Tít. 
942 |c BK  |2 ddc 
991 |a TEXTO 
999 |c 10209